<?xml version="1.0" encoding="UTF-8"?>
<record
    xmlns:xsi="http://www.w3.org/2001/XMLSchema-instance"
    xsi:schemaLocation="http://www.loc.gov/MARC21/slim http://www.loc.gov/standards/marcxml/schema/MARC21slim.xsd"
    xmlns="http://www.loc.gov/MARC21/slim">

  <leader>00778nas a22002057i 4500</leader>
  <controlfield tag="001">5888</controlfield>
  <controlfield tag="003">OSt</controlfield>
  <controlfield tag="005">20170126082350.0</controlfield>
  <controlfield tag="007">tu</controlfield>
  <controlfield tag="008">161220s        xxu||||| |||| 00| 0     d</controlfield>
  <datafield tag="022" ind1=" " ind2=" ">
    <subfield code="a">0012-5415</subfield>
  </datafield>
  <datafield tag="024" ind1="7" ind2=" ">
    <subfield code="a">5888</subfield>
    <subfield code="2">RID</subfield>
  </datafield>
  <datafield tag="024" ind1="7" ind2=" ">
    <subfield code="a">5888</subfield>
    <subfield code="2">RSN (alt)</subfield>
  </datafield>
  <datafield tag="040" ind1=" " ind2=" ">
    <subfield code="c">OSt</subfield>
  </datafield>
  <datafield tag="245" ind1="0" ind2="0">
    <subfield code="a">Der Donauraum</subfield>
    <subfield code="b">Zeitschrift des Institutes f&#xFC;r den Donauraum und Mitteleuropa</subfield>
  </datafield>
  <datafield tag="260" ind1=" " ind2=" ">
    <subfield code="a">Wien :</subfield>
    <subfield code="b">B&#xF6;hlau.</subfield>
  </datafield>
  <datafield tag="110" ind1="2" ind2=" ">
    <subfield code="a">Institut f&#xFC;r den Donauraum und Mitteleuropa</subfield>
  </datafield>
  <datafield tag="866" ind1=" " ind2="0">
    <subfield code="u">1993 ff. - 2008/4</subfield>
  </datafield>
  <datafield tag="866" ind1=" " ind2="0">
    <subfield code="u">Best&#xE4;nde unvollst&#xE4;ndig&lt;br&gt;&lt;br&gt;letztes Heft: 2004 44/1-2&lt;br&gt;&lt;br&gt;vorhanden:&lt;br&gt;1993 33/1&lt;br&gt;1995 35/1, 3-4&lt;br&gt;1996 36/1 - 1999 39/4&lt;br&gt;2000 40/3 - 2002 42/4&lt;br&gt;2003 43/1-4&lt;br&gt;200444/1-&lt;br&gt;&lt;br&gt;&lt;br&gt;fehlende Best&#xE4;nde:&lt;br&gt;1993 33/2-4&lt;br&gt;1995 34/2&lt;br&gt;2000 40/1-2, 4</subfield>
  </datafield>
  <datafield tag="942" ind1=" " ind2=" ">
    <subfield code="c">J</subfield>
  </datafield>
  <datafield tag="999" ind1=" " ind2=" ">
    <subfield code="c">5604</subfield>
    <subfield code="d">5604</subfield>
  </datafield>
  <datafield tag="952" ind1=" " ind2=" ">
    <subfield code="0">0</subfield>
    <subfield code="1">0</subfield>
    <subfield code="4">0</subfield>
    <subfield code="7">0</subfield>
    <subfield code="a">BIB</subfield>
    <subfield code="b">BIB</subfield>
    <subfield code="c">1</subfield>
    <subfield code="d">2004-08-04</subfield>
    <subfield code="i">5888</subfield>
    <subfield code="l">0</subfield>
    <subfield code="p">10001297</subfield>
    <subfield code="r">2017-01-26 00:00:00</subfield>
    <subfield code="w">2017-01-26</subfield>
    <subfield code="y">J</subfield>
  </datafield>
</record>
